| 000 | 00983nam a2200217 a 4500 | ||
|---|---|---|---|
| 001 | 000048267 | ||
| 005 | 20250708144319.0 | ||
| 008 | 181211s2013 dr ac 000 d spa d | ||
| 020 | _a9789945471571 | ||
| 040 |
_aDO-SdBNP _bspa _cBNPHU |
||
| 082 |
_axxxx _bB844h |
||
| 100 | 1 |
_aBretón Martínez, Freddy Antonio de Jesús, _d1947- _eautor _911012 |
|
| 245 | 1 | 0 |
_aHilachas y retazos / _cFreddy Antonio de Jesús Bretón Martínez. |
| 260 |
_aSanto Domingo : _bAmigo del Hogar, _c2013. |
||
| 300 |
_a283 p. : _bil., retrs. ; _c19 cm. |
||
| 500 | _aIncluye datos biográficos del autor en la solapa de la contracubierta | ||
| 505 | 0 |
_aNota previa -- _tTemas breves -- _tApuntes sobre algunos vocablos -- _tNombres bíblicos -- _tLa oración de Jesús -- _tSeguimiento de Jesús -- _tRedes sociales -- _tEl trueno del Cristo -- _tVerdadero poder -- _tOtras cosas -- _tInvitados --. |
|
| 590 | _aInventariado, 2019/LP | ||
| 650 | 0 |
_aEnsayos dominicanos _965 |
|
| 650 | 0 |
_aLiteratura dominicana. _967 |
|
| 999 |
_c47755 _d47755 |
||